Eleven Eleven- Conan Gray (Lyrics) - Statistics

General Stats
  • This quiz has been taken 76 times
  • The average score is 257 of 294
Answer Stats
Part Lyrics % Correct
11
98%
a
98%
and
98%
And
98%
the
98%
I
96%
wish
96%
wishbones
96%
Bridge Wishbones
96%
(Wishbones
96%
you
96%
you)
96%
clovers
93%
for
93%
for?
93%
For
93%
from
93%
heaven
93%
heaven)
93%
it
93%
it)
93%
numbers
93%
on
93%
still
93%
(Still
93%
Chorus There's
93%
we
93%
As
91%
as
91%
at
91%
be
91%
me
91%
my
91%
My
91%
star
91%
that
91%
That
91%
to
91%
first
89%
In
89%
in
89%
is
89%
Like
89%
like
89%
night
89%
Verse 1 Shooting
89%
want
89%
forget
87%
if
87%
It's
87%
it's
87%
much
87%
(Much
87%
dangerous
84%
exist
84%
kissed
84%
black
82%
cats
82%
connection
82%
Oh
82%
our
82%
Shapes
82%
stars
82%
thought
82%
you're
82%
You're
82%
Pre-Chorus 'Cause
80%
I'll
80%
invent
80%
late
80%
mind
80%
missed
80%
over
80%
save
80%
shoulder
80%
sign
80%
So
80%
spilling
80%
too
80%
us
80%
wait
80%
what
80%
act
78%
am
78%
blink
78%
broke
78%
can't
78%
glass
78%
I'd
78%
pavement
78%
salt
78%
shit's
78%
white
78%
won't
78%
you'll
78%
accept
76%
ask
76%
But
76%
cracks
76%
ended
76%
just
76%
some
76%
superstitious
76%
up
76%
deny
73%
don't
73%
find
73%
forever
73%
fucked
73%
Verse 2 Heard
73%
horoscopes
73%
know
73%
look
73%
maybe
73%
Nikes
73%
reading
73%
signs
73%
those
73%
wearing
73%
Why
73%
you'd
73%
back?
71%
better
71%
come
71%
girl
71%
New
71%
York
71%
seeing
69%
Pretending
67%
something
67%
we're
67%
nothing
64%
time
64%
well
62%
lies
56%
say
22%
regret
16%
No matching quizzes found
Score Distribution
Percent of People with Each Score
Percentile by Number Answered
Your Score History
You have not taken this quiz